Mistrzowie krajów w piłce nożnej #3 - Statystyki

Ogólne statystyki
  • Ten quiz został rozwiązany 212 razy
  • Średni wynik to 13 z 30
Statystyki odpowiedzi
Mistrzowie Trumfator Klub % Poprawnych
Mistrzowie Polski 13 Legia Warszawa
99%
Mistrzowie Polski 7 Lech Poznań
95%
Mistrzowie Polski 14 Górnik Zabrze
87%
Mistrzowie Polski 13 Wisła Kraków
87%
Mistrzowie Polski 14 Ruch Chorzów
83%
Mistrzowie Rosji 6 CSKA Moskwa
79%
Mistrzowie Czech 5 Slavia Praga
75%
Mistrzowie Czech 12 Sparta Praga
75%
Mistrzowie Białorusi/Ukrainy 15 UKR Dynamo Kijów
73%
Mistrzowie Rosji 3 Lokomotiv Moskwa
65%
Mistrzowie Białorusi/Ukrainy 12 UKR Szachtar Donieck
65%
Mistrzowie Rosji 10 Spartak Moskwa
61%
Mistrzowie Białorusi/Ukrainy 15 BLR BATE Borysów
54%
Mistrzowie Rosji 5 Zenit Petersburg
51%
Mistrzowie Słowacji 9 Slovan Bratysława
48%
Mistrzowie Bułgarii 31 CSKA Sofia
43%
Mistrzowie Czech 5 Viktoria Pilzno
42%
Mistrzowie Bułgarii 8 Łudogorec Razgrad
29%
Mistrzowie Rosji 2 Rubin Kazań
29%
Mistrzowie Bułgarii 26 Levski Sofia
19%
Mistrzowie Słowacji 7 MSK Žilina
18%
Mistrzowie Czech 3 Slovan Liberec
18%
Mistrzowie Słowacji 2 VSS Košice lub FC Petržalka
10%
Mistrzowie Czech 1 Baník Ostrava
9%
Mistrzowie Bułgarii 7 Slavia Sofia
7%
Mistrzowie Białorusi/Ukrainy 7 BLR Dynamo Mińsk
6%
Mistrzowie Słowacji 2 AS Trenčín
4%
Mistrzowie Słowacji 2 Inter Bratysława
3%
Mistrzowie Bułgarii 4 Litex Lovech lub Lokomotiv Sofia
0%
Mistrzowie Białorusi/Ukrainy 2 BLR Sławija Mozyrz
0%
Nie znaleziono quizów pasujących do podanych kryteriów
Rozkład punktacji
Procent ludzi z każdym wynikiem
Percentyl według liczby udzielonych odpowiedzi
Twoja historia wyników
Nie rozwiązałeś tego quizu